El cristianismo de Dostoievsky

Guardat en:
Dades bibliogràfiques
Autor principal: Madaule, Jacques (autor)
Format: Llibre
Idioma:espanyol
Publicat: Buenos Aires Losada 1952
Col·lecció:Colección Una Nueva Cristiandad
Matèries:
Etiquetes: Afegir etiqueta
Sense etiquetes, Sigues el primer a etiquetar aquest registre!

MARC

LEADER 00000nam a2200000 a 4500
001 UCL6215
003 CL-VaPUC
008 040402e19520000AG |||||||||||||||||spa|d
082 0 4 |a 230.01  |b MAD  |2 21 
100 |a Madaule, Jacques  |e autor  |9 483893 
245 1 3 |a El cristianismo de Dostoievsky 
300 |a 243 p 
942 |c BK 
945 |d 20040402 00:00:00  |a vberengu 
260 |a Buenos Aires  |b Losada  |c 1952 
600 0 |a Dostoievski, Fedor Mijailovich   |d 1821-1881  |9 483894 
650 0 |a Cristianismo  |9 257361 
650 7 |a ESCRITORES RUSOS  |2 CL-VaPUC  |9 483895 
650 0 |a Novelas rusas   |9 316330 
650 0 |a Crítica e interpretación   |9 255042 
583 |a last modification  |c 20040402 00:00:00  |k Rodrigo Vera 
490 0 |a Colección Una Nueva Cristiandad 
999 |c 308394  |d 308392 
952 |0 0  |1 0  |4 0  |6 230_010000000000000_MAD_1952  |7 0  |8 A  |9 374907  |a BIBTEO  |b BIBTEO  |d 2019-11-21  |i 2107724  |o 230.01 MAD 1952  |p 2107724  |r 2025-01-17  |w 2019-11-21  |y BK  |k ICR